Представление документа в формате MARC21

ПолеНазваниеЗначение
  Тип записи a
  Библиографический уровень m
001 Контрольный номер RU/URAIT/585491
005 Дата корректировки 20260429163653.7
008 Кодируемые данные 260429s2026 RU y f j 000 0 rus u
020 Индекс ISBN __
a ISBN 978-5-534-06393-6
c Цена, тираж 789.00
040 Источник каталогиз. __
a Служба первич. каталог. ИКО Юрайт
c Служба, преобразующая запись ИКО Юрайт
e Правила каталог. RCR
041 Код языка издания __
a Код языка текста rus
044 Код страны публикации __
a Код страны публикации RU
080 Индекс УДК __
a Индекс УДК 159.9(075.8)
084 Индекс другой классификации/Индекс ББК __
2 Источник индекса rubbk
a Индекс другой классификации/Индекс ББК 88.4я73
100 Автор __
a Автор Серова Л. К.
q Полное имя Серова Лидия Константиновна
245 Заглавие __
a Заглавие Спортивная психология: профессиональный отбор в спорте
b Продолж. заглавия учебник для вузов
c Ответственность Л. К. Серова.
250 Сведения об издании __
g испр. и доп
a Основные сведения об издании 2-е изд.
256 Характеристики компьютерного файла __
a Характеристики компьютерного файла Электрон. дан.
260 Выходные данные __
a Место издания Москва
b Издательство Юрайт
c Дата издания 2026
300 Физическое описание __
a Объем 147 с
440 Серия __
a Серия Высшее образование
500 Примечания __
a Примечание URL: https://urait.ru/bcode/585491 (дата обращения: 29.04.2026).
520 Аннотация __
a Аннотация Учебное пособие посвящено методикам спортивного отбора. В нем дано понятие профессионально важных качеств спортсмена, представлена их структура, раскрывается специфика их формирования в различных видах спорта. Книга дополнена приложениями, в которых предлагаются тесты и методики оценки на сформированность некоторых психологических профессиональных качеств спортсмена. Для студентов высших учебных заведений, обучающихся по гуманитарным направлениям.
538 Прим. о системных особенностях __
a Прим. о системных особенностях Режим доступа: Электронно-библиотечная система Юрайт, для авториз. пользователей
653 Ключевые слова __
a Ключевые слова Физическая культура
653 Ключевые слова __
a Ключевые слова Гуманитарные науки
653 Ключевые слова __
a Ключевые слова Психологические методы подготовки спортсменов
653 Ключевые слова __
a Ключевые слова Психологические методы работы спортивного психолога
653 Ключевые слова __
a Ключевые слова Введение в спортивную психологию
653 Ключевые слова __
a Ключевые слова Спортивная психология (Психология спорта)
653 Ключевые слова __
a Ключевые слова Психология физического воспитания и спорта
653 Ключевые слова __
a Ключевые слова Спортивная ориентация и отбор
653 Ключевые слова __
a Ключевые слова Психология спорта
653 Ключевые слова __
a Ключевые слова Психологическое сопровождение подготовки спортсменов различной квалификации
653 Ключевые слова __
a Ключевые слова Психодиагностика и психологический отбор в спорте высших достижений
653 Ключевые слова __
a Ключевые слова Психологическая диагностика в спорте
653 Ключевые слова __
a Ключевые слова Психология личности и деятельности спортсмена и тренера
653 Ключевые слова __
a Ключевые слова Медико-биологические и психолого-педагогические основы спортивного отбора
856 Электронный адрес документа 40
n Местонахождение сервера Юрайт
g Электронная книга
q Тип электронного формата html
h Имя пользователя ЮРАЙТ
v Часы доступа к ресурсу 20271231
2 Способ доступа Показать документ
x Служебное примечание https://urait.ru/book/cover/B394800C-4C21-483A-8F02-198717EF3AD0
u URL https://urait.ru/bcode/585491
856 Электронный адрес документа 48
q Тип электронного формата cover
u URL https://urait.ru/book/cover/B394800C-4C21-483A-8F02-198717EF3AD0
911 __
u 0030=https://urait.ru/bcode/585491
911 __
u 073a=9785534063936
u 073d=789.00
911 __
u 106a=s
911 __
u 900l=
952 Тип литературы __
i Дисциплина Психологические методы подготовки спортсменов
952 Тип литературы __
i Дисциплина Психологические методы работы спортивного психолога
952 Тип литературы __
i Дисциплина Введение в спортивную психологию
952 Тип литературы __
i Дисциплина Спортивная психология (Психология спорта)
952 Тип литературы __
i Дисциплина Психология физического воспитания и спорта
952 Тип литературы __
i Дисциплина Спортивная ориентация и отбор
952 Тип литературы __
i Дисциплина Психология спорта
952 Тип литературы __
i Дисциплина Психологическое сопровождение подготовки спортсменов различной квалификации
952 Тип литературы __
i Дисциплина Психодиагностика и психологический отбор в спорте высших достижений
952 Тип литературы __
i Дисциплина Психологическая диагностика в спорте
952 Тип литературы __
i Дисциплина Психология личности и деятельности спортсмена и тренера
952 Тип литературы __
i Дисциплина Медико-биологические и психолого-педагогические основы спортивного отбора